000
00210nam a22000857a 4500
008
161209b xxu||||| |||| 00| 0 eng d
100
_9
1964
_a
Singh.N.etal
245
_a
Physics-I,II..X
260
_a
New Delhi
_b
APC
_c
2011
999
_c
4758
_d
4758